000 00928cam a2200265 a 4500
001 15388035
005 20180104045315.0
008 080730s2010 mauab b 001 0 eng
010 _a 2008934211
020 _a9780495569336 (pbk.)
020 _a049556933X (pbk.)
040 _aDLC
_cDLC
041 _aeng
043 _an-us---
080 _a34 NEU
082 _a34 NEU
100 1 _a14
101 _aJUR
245 1 0 _aJudicial process :
_cDavid W. Neubauer, Stephen S. Meinhold.
504 _aIncludes bibliographical references (p. 507-513) and indexes.
906 _a7
_bcbc
_corigcop
_d2
_encip
_f20
_gy-gencatlg
942 _2ddc
_cBK
999 _c39698
_d39698